Normal view
MARC view
Entry Personal Name
001 - CONTROL NUMBER
- control field: 1234984
003 - CONTROL NUMBER IDENTIFIER
- control field: OSt
005 - DATE AND TIME OF LATEST TRANSACTION
- control field: 20260416152527.0
008 - FIXED-LENGTH DATA ELEMENTS
- fixed length control field: 260416|| aca||aabn | a|a d
040 ## - CATALOGING SOURCE
- Original cataloging agency: OSt
- Transcribing agency: OSt
100 ## - HEADING--PERSONAL NAME
- Personal name: Sharma,J.P
670 ## - SOURCE DATA FOUND
- Source citation: Work cat.: (OSt)594177: Sharma,J.P., Easy approach to company and compensation laws, 2012
